Materials science and engineering for the 1990s : Maintaining competitiveness in the age of materials

Gorde:
Xehetasun bibliografikoak
Egile korporatiboa: National Research Council (U.S.), Committee on Materials Science and Engineering
Formatua: Liburua
Hizkuntza:Undetermined
Argitaratua: Washington, D.C. National Academy Press 1989
Gaiak:
Etiketak: Etiketa erantsi
Etiketarik gabe, Izan zaitez lehena erregistro honi etiketa jartzen!
Thư viện lưu trữ: Trung tâm Học liệu Trường Đại học Cần Thơ
LEADER 00732nam a2200205Ia 4500
001 CTU_98209
008 210402s9999 xx 000 0 und d
082 |a 620.11 
082 |b N277 
110 |a National Research Council (U.S.) 
110 |b Committee on Materials Science and Engineering 
245 0 |a Materials science and engineering for the 1990s : 
245 0 |b Maintaining competitiveness in the age of materials 
245 0 |c National Research Council (U.S.). Committee on Materials Science and Engineering 
260 |a Washington, D.C. 
260 |b National Academy Press 
260 |c 1989 
650 |a Materials science,Engineering 
904 |i Năm 
980 |a Trung tâm Học liệu Trường Đại học Cần Thơ